Chinese Vocabulary Lesson 9 Quiz Stats

 Plays Quiz not verified by Sporcle

Score 0/39 Timer 07:00
0 Plays Today
Character Translation % Correct
小学elementary school
70.4%
画画儿to paint
53.5%
墨西哥Mexico
50%
认为to think
49.3%
钢琴piano
45.8%
结婚to get married
44.4%
社会society
43.7%
选择choice
43%
博士Ph.D.
41.5%
设计to design
39.4%
full
38.7%
安排to arrange
38%
尊重to respect
38%
完全completely
38%
理解to understand
38%
知识knowledge
35.9%
童年childhood
33.8%
移民immigrant
33.1%
儿童children
30.3%
家长parents
29.6%
Character Translation % Correct
反对to oppose
29.6%
书本books
28.9%
抱怨to complain
28.2%
看法point of view
27.5%
人材person of ability, integrity, and talent
21.8%
事业career
19.7%
硕士master's degree
18.3%
不是...而是...it's not... but...
17.6%
嫂子older brother's wife
16.2%
留学to study abroad
14.1%
侄女brother's daughter
14.1%
厉害terrible
12.7%
知音soulmate
12.7%
望女成凤to hope one's daughter will become successful
12%
望子成龙to hope one's son will become successful
10.6%
美满happy and satisfying
9.2%
做法way of doing things
9.2%
actually
7%
measure word for type
6.3%

You're not logged in!

Compare scores with friends on all Sporcle quizzes.
OR
Log In

Show Comments

Extras

Top Quizzes Today


Score Distribution

Your Account Isn't Verified!

In order to create a playlist on Sporcle, you need to verify the email address you used during registration. Go to your Sporcle Settings to finish the process.

Report this User

Report this user for behavior that violates our Community Guidelines.

Details: